| 000 -ლიდერი |
| ფიქსირებული სიგრძის საკონტროლო ველი |
01415nam a2200241Ia 4500 |
| 001 - საკონტროლო ნომერი |
| საკონტროლო ველი |
16139 |
| 003 - საკონტროლო ნომრის იდენტიფიკატორი |
| საკონტროლო ველი |
GE_BSU |
| 005 - ბოლო ოპერაციის თარიღი და დრო |
| საკონტროლო ველი |
20241226181637.0 |
| 008 - ფიქსირებული სიგრძის მონაცემთა ელემენტები - ზოგადი ინფორმაცია |
| ფიქსირებული სიგრძის საკონტროლო ველი |
181216s2015||||ge |||||||||||||| ||geo|| |
| 020 ## - წიგნის საერთაშორისო სტანდარტული ნომერი |
| International Standard Book Number |
9789941225666 |
| 040 ## - კატალოგიზაციის წყარო |
| Transcribing agency |
GE_BSU |
| 041 ## - ენის კოდი |
| Language code of text/sound track or separate title |
geo |
| 080 ## - უნივერსალური ათობითი კლასიფიკაციის ინდექსი |
| Universal Decimal Classification number |
930.25(479.223) ა-95 |
| 245 ## - ცნობა სათაურის შესახებ |
| Title |
აჭარის საარქივო სამმართველო (1923-2015) : |
| Remainder of title |
[მონოგრაფია] / |
| Statement of responsibility, etc |
ავტორები : თამაზ ფუტკარაძე, ელგუჯა ჩაგანავა, ნათია ბერიძე [და სხვ.] ; სარედაქციო საბჭო : მაია ივანიშვილი, თამაზ ფუტკარაძე (რედ.), თენგიზ ცინცქილაძე [და სხვ.]. |
| 264 ## - წარმოების, გამოცემის, დისტრიბუციის და სხვა ცნობები |
| გამოცემის, წარმოების, დისტრიბუციის... ადგილი |
თბილისი : |
| გამოცემის, წარმოების, დისტრიბუციის... სახელწოდება |
უნივერსალი, |
| გამოცემის, წარმოების, დისტრიბუციის... თარიღი |
2015. |
| 300 ## - ფიზიკური აღწერა |
| Extent |
412 გვ. ; |
| Dimensions |
20 სმ. |
| 653 ## - INDEX TERM--UNCONTROLLED |
| Uncontrolled term |
არქივი |
| 653 ## - INDEX TERM--UNCONTROLLED |
| Uncontrolled term |
აჭარის საარქივო სამმართველო |
| 700 ## - ADDED ENTRY--PERSONAL NAME |
| Personal name |
ფუტკარაძე, თამაზ |
| Relator term |
ავტორი,რედაქტორი |
| 9 (RLIN) |
24030 |
| 700 ## - ADDED ENTRY--PERSONAL NAME |
| Personal name |
ჩაგანავა, ელგუჯა |
| Relator term |
ავტორი, რედაქტორი |
| 9 (RLIN) |
24031 |
| 700 ## - ADDED ENTRY--PERSONAL NAME |
| Personal name |
ბერიძე, ნათია |
| Relator term |
ავტორი |
| 9 (RLIN) |
5440 |
| 942 ## - ADDED ENTRY ELEMENTS (KOHA) |
| Koha item type |
წიგნი |
| Source of classification or shelving scheme |
|